| 000 | 00555cab a2200217 4500 | ||
|---|---|---|---|
| 001 | X99055 | ||
| 008 | 090401t1999 xxu||||| |||| 00| 0 eng d | ||
| 035 | _a(Sirsi) u99951 | ||
| 041 | _aeng | ||
| 100 | _aJackson, M. | ||
| 245 | 3 | _aAn inquiry into the origins of the Glasgow lease | |
| 260 | _c1999 | ||
| 350 | _a0 | ||
| 490 |
_aNew Zealand Valuers` Journal _vMarch 1999, 48-58(11) |
||
| 650 | _aGLASGOW LEASES | ||
| 650 | _aLAND TENURE | ||
| 650 | _aNEW ZEALAND | ||
| 690 | _aPROPERTY-LANDLORD AND TENANT | ||
| 942 | _n0 | ||
| 948 | _c08/06/1999 | ||
| 999 |
_c60020 _d60020 |
||